000 005310000a22002050004500
001 1998
003 CO-MdFUSB
005 20170515160212.0
008 170515b xxu||||| |||| 00| 0 eng d
020 _a978-84-414-181-1
040 _cCO-MdBIC
082 0 4 _a863C M428c
100 1 _aMatott Justin
245 1 0 _aCuando era niño soñaba... / Justin Matott ; ilustrado Mark Ludy
260 _aEspaña : EDAF
300 _a[32 P.]
505 0 0 _aPara niños mayores de 2 años
650 1 4 _aCuentos Infantiles
942 _cLGB
999 _c49148
_d49148